Formel 1 Fahrer mit 15+ Saisons - Sudden Death - Statistiken

Allgemein
  • Dieses Quiz wurde 105 mal gespielt
  • Das Durchschnittsergebnis liegt bei 4 aus 18
Answers on the Grid
Answers color-coded by a green-red scale on the quiz's grid according to % correct below.
Alain Prost
Andrea de Cesaris
Ayrton Senna
Charles Leclerc
David Coulthard
Felipe Massa
Fernando Alonso
Gerhard Berger
Graham Hill
Heinz Harald Frentzen
Jack Brabham
James Hunt
Jarno Trulli
Jenson Button
Joakim Bonnier
Juan Manuel Fangio
Kimi Räikkönen
Lewis Hamilton
Mario Andretti
Maurice Trintignant
Max Verstappen
Michael Schumacher
Nelson Piquet
Nico Hülkenberg
Nico Rosberg
Nigel Mansell
Niki Lauda
Riccardo Patrese
Rubens Barichello
Sebastian Vettel
 
Antwortstatistiken
Antwort % Korrekt
Lewis Hamilton
67%
Fernando Alonso
63%
Michael Schumacher
63%
Kimi Räikkönen
49%
Sebastian Vettel
39%
Felipe Massa
31%
Jenson Button
28%
Rubens Barichello
27%
David Coulthard
24%
Andrea de Cesaris
12%
Nigel Mansell
10%
Graham Hill
7%
Riccardo Patrese
7%
Jack Brabham
6%
Jarno Trulli
6%
Nelson Piquet
6%
Joakim Bonnier
1%
Maurice Trintignant
1%
Keine übereinstimmenden Quizze gefunden
Verteilung der Resultate
Anzahl Personen mit jedem Resultat
Perzentil nach korrekt beantworteten Fragen
Ihre Resultats-Entwicklung
Sie haben dieses Quiz noch nicht gespielt